| 000 | 00700nam a2200205Ii 4500 | ||
|---|---|---|---|
| 003 | JO-AjNU | ||
| 008 | 230605s9999||||xx |||||||||||||| ||und|| | ||
| 040 |
_aJO-AjNU _bara _erda _cJO-AjNU |
||
| 041 | _aara | ||
| 050 | 1 | 4 | _aDS70.9 1995 |
| 100 | 3 |
_aتاليف السامرائي، عباس رشي، م.مشارك خطاب، حسين محمد, _eauthor _918094 |
|
| 245 | 0 | 0 | _aالعراق في التاريخ |
| 250 | _aط3 | ||
| 264 | 3 | 1 | _aبغداد: دار مكتبة التحرير، 1995 |
| 300 | _a547ص | ||
| 336 |
_atext _btxt _2rdacontent |
||
| 337 |
_aunmediated _bn _2rdamedia |
||
| 338 |
_avolume _bnc _2rdacarrier |
||
| 650 | 4 |
_aالعراق- تاريخ، العراق- حضارة _918095 |
|
| 999 |
_aA5722 _c9290 _d9290 |
||